Jojo's Bizarre Adventure - Infamous Quotes - Statistics

General Stats
  • This quiz has been taken 163 times
  • The average score is 7 of 9
Answer Stats
Line Character % Correct
"Your next line is..." Joseph Joestar
95%
"Take this, Dio! 20 - meter radius emerald splash!" Noriaki Kakyoin
93%
"Killer Queen has already touched that doorknob." Yoshikage Kira
93%
"Thank you... Gyro." Johnny Joestar
89%
"Yes! I am!" Muhammad Avdol
86%
"Oh? You're approaching me?" Dio Brando
83%
"My bloods beat is razor sharp! Sunlight yellow overdrive!" Jonathan Joestar
79%
"You really are the lowest scum in history." Jotaro Kujo
66%
"Only the results! in this world, only the results matter." Diavolo
38%
No matching quizzes found
Score Distribution
Percent of People with Each Score
Percentile by Number Answered
Your Score History
You have not taken this quiz